000 00283nam a22001337a 4500
082 _a894.812
_bPUT/K
100 _aPUTHALATH, DASAN
245 _aKALAYUM KAZCHAPPADUM
260 _aALUVA
_bPEN BOOKS
_c2005
300 _a81
520 _aABOUT ART
650 _aABOUT ART
942 _cBK
999 _c5546
_d5546